000 00636nam a2200241Ia 4500
003 OSt
005 20221007072352.0
006 a|||||r|||| 00| 0
007 ta
008 221006b |||||||| |||| 00| 0 eng d
024 _a30,208
037 _cTextual
040 _aFLL
_cFLL
_beng
041 _2eng
_aeng
082 _aZ1y7, J14;J9;1
100 _aGreen L.C.
_9133484
245 0 _aInternational law through the cases
250 _a2nd
260 _aLondon
_bStevens & Sons Ltd. London
_c1959
300 _axxix,885p
_ccm.
942 _hZ1y7, J14;J9;1
_cTEXL
_2CC
999 _c1145890
_d1145890